Score 0/40 Timer 05:00
1 Play Today
Hint Answer % Correct
Flag Colorblue
94.2%
Flag Colorgold
93.3%
Bordering CountryRussia
92.2%
Primary LanguageKazakh
91.9%
Nationality (Demonym)Kazakh
91.9%
Primary ContinentAsia
84.9%
Bordering CountryUzbekistan
84.7%
Drives on the...right
83.8%
Bordering CountryChina
83.3%
Bordering CountryTurkmenistan
81.8%
Age of Suffrage18
80.9%
Bordering CountryKyrgyzstan
79.9%
Year it gained independence from USSR1991
78.9%
Most Popular SportSoccer
77.3%
Capital CityNur-Sultan
77.2%
Second Largest ReligionChristianity
76%
Secondary LanguageRussian
75.4%
Largest ReligionIslam
74.8%
Official NameRepublic of Kazakhstan
74%
Internet Country Code.kz
73.6%
Hint Answer % Correct
Bordering SeaCaspian Sea
72.4%
Largest CityAlmaty
54.9%
# of Provinces14
52.1%
Former Bordering SeaAral Sea
45.4%
CurrencyTenge
19.4%
PresidentKassym-Jomart Tokayev
18.9%
Largest LakeLake Balkhash
12.8%
Independence Day16th December
11.7%
National AnthemMy Kazakhstan
10.1%
Kazakhstan People's Unity Day1 May
9.5%
Largest Province by AreaKaragandy
9.1%
Longest River Passing Through KazakhstanIrtysh River
8.4%
Prime MinisterAskar Mamin
8%
Ruling Political PartyNur Otan
7.4%
Largest Province by PopulationTurkestan
7.4%
Highest Point (6,995 m)Khan Tengri
7.2%
Longest River Wholly Within KazakhstanTurgai River
5.1%
National StadiumAlmaty Central Stadium
4.8%
Lowest Point (-132 m)Karagiye depression
4.6%
Most Significant Archaelogical SiteIssyk kurgan
4.3%
Remove Ads.
Support Sporcle.
Get the best of Sporcle when you Go Orange. This ad-free experience offers more features, more stats, and more fun while also helping to support Sporcle. Thank you for becoming a member.

You're not logged in!

Compare scores with friends on all Sporcle quizzes.
OR
Log In

Sporcle TV

Today on Sporcle TV


Watch our educational content, quiz creation guides, and fun videos on Sporcle TV.

Show Comments

Extras

Top Quizzes Today


Score Distribution

Paid Content

Your Account Isn't Verified!

In order to create a playlist on Sporcle, you need to verify the email address you used during registration. Go to your Sporcle Settings to finish the process.

Report this User

Report this user for behavior that violates our Community Guidelines.

Details: